Encuentro de Dios con el hombre (Record no. 184550)

MARC details
000 -LEADER
campo de control de longitud fija 00762nam a2200217 i 4500
001 - NÚMERO DE CONTROL
campo de control 184550
003 - IDENTIFICADOR DE NÚMERO DE CONTROL
campo de control ES-MaACL
005 - FECHA Y HORA DE LA ÚLTIMA TRANSACCIÓN
campo de control 20250804054037.0
008 - DATOS DE LONGITUD FIJA--INFORMACIÓN GENERAL
campo de control de longitud fija 151022s1965 sp |||| | spa d
110 2# - ENTRADA PRINCIPAL--NOMBRE DE ENTIDAD CORPORATIVA
Nombre de entidad corporativa o nombre de jurisdicción como elemento de entrada Instituto Catequístico Latinoamericano (Santiago de Chile)
9 (RLIN) 157967
245 10 - MENCIÓN DEL TÍTULO
Título Encuentro de Dios con el hombre
Resto del título : (Iniciacion completa al Cristianismo) /
Mención de responsabilidad, etc. Angelica Bufi [y otros].
260 ## - PUBLICACIÓN, DISTRIBUCIÓN, ETC.
Lugar de publicación, distribución, etc. Barcelona :
Nombre del editor, distribuidor, etc. Nova Terra,
Fecha de publicación, distribución, etc. 1965.
300 ## - DESCRIPCIÓN FÍSICA
Extensión 302 p. :
Otras características físicas il. ;
Dimensiones 23 cm.
490 1# - MENCIÓN DE SERIE
Mención de serie Coleccion Andina ;
Designación de volumen o secuencia 2
650 07 - PUNTO DE ACCESO ADICIONAL DE MATERIA--TÉRMINO DE MATERIA
Término de materia o nombre geográfico como elemento de entrada Cristianismo
Fuente del encabezamiento o término embne
9 (RLIN) 11425
650 07 - PUNTO DE ACCESO ADICIONAL DE MATERIA--TÉRMINO DE MATERIA
Término de materia o nombre geográfico como elemento de entrada Vida cristiana
Fuente del encabezamiento o término embne
9 (RLIN) 17790
700 1# - ENTRADA AGREGADA--NOMBRE PERSONAL
Nombre de persona Bufi, Angelica.
9 (RLIN) 157970
830 0# - PUNTO DE ACCESO ADICIONAL DE SERIE-TÍTULO UNIFORME
Título uniforme Coleccion Andina ;
Designación de volumen o secuencia 2
9 (RLIN) 192172
852 ## - LOCALIZACIÓN
Ubicación ES-MaACL
Número de control de estantería E-3475
Holdings
Estatus retirado Estado de pérdida Estado de daño No para préstamo Biblioteca de origen Biblioteca actual Ubicación en estantería Fecha de adquisición Fuente de adquisición Total de préstamos Signatura topográfica completa Código de barras Visto por última vez Precio de reemplazo Tipo de ítem Koha
        Biblioteca del Ateneo de Madrid Biblioteca del Ateneo de Madrid Depósito 2 22/10/2015     E-3475 1194298 23/02/2023 23/02/2023 Libro impreso